| 000 | 01382nam a2200445 i 4500 | ||
|---|---|---|---|
| 001 | 36930 | ||
| 003 | KOSZ 005 | ||
| 005 | 20240405063117.0 | ||
| 008 | 000606s2000 pl a |000 0 pol | ||
| 015 | _aUWD 2000/10848 | ||
| 020 | _a8371513305 | ||
| 035 | _a991014061629705066 | ||
| 035 | _a(PL-WaBN)b13779965-48omnis_nlop | ||
| 035 | _ab13779965 | ||
| 035 | _a(OCoLC)830271196 | ||
| 035 | _a(PL)b0000001377996 | ||
| 035 | _a(EXLNZ-48OMNIS_NETWORK)9910523563005606 | ||
| 040 |
_aWA N _cWA N _dKOSZ 005/HR |
||
| 041 | 0 | _apol | |
| 046 | _k2000 | ||
| 080 | _a070.42(438):929-052"1944/..." | ||
| 080 | _a(03) | ||
| 100 | 1 |
_aWojtas-Ciborska, Elżbieta _eAutor |
|
| 245 | 1 | 0 |
_aLeksykon polskiego dziennikarstwa / _cElżbieta Ciborska. |
| 260 |
_aWarszawa : _b"Elipsa", _c2000. |
||
| 300 |
_a667, [9] s. : _bil. ; _c25 cm. |
||
| 380 | _aKsiążki | ||
| 388 | _a1901-2000 | ||
| 388 | _a1989-2000 | ||
| 648 | _a1901-2000 | ||
| 648 | _a1945-1989 | ||
| 648 | _a1989-2000 | ||
| 650 | 7 |
_aDziennikarze _2DBN |
|
| 651 | _aPolska | ||
| 658 | _aMedia i komunikacja społeczna | ||
| 710 | 2 |
_aElipsa Dom Wydawniczy i Handlowy, Włodzimierz Ulicki _4pbl |
|
| 856 |
_uhttp://koha.tu.koszalin.pl/cgi-bin/koha/opac-detail.pl?biblionumber=36930 _yKatalog online BPK |
||
| 942 |
_2UKD _cKS |
||
| 999 |
_c36930 _d36930 |
||